[Event "FABH"]
[Site "SchemingMind.com"]
[Date "2021.07.02"]
[Round "-"]
[White "Kenny Elliott"]
[Black "LockettJ"]
[Result "0-1"]
[WhiteCountry "USA"]
[BlackCountry "ENG"]
[WhiteElo "1556"]
[WhiteRD "71"]
[BlackElo "1997"]
[BlackRD "93"]
[GameID "713014"]

1. d4 Nf6 2. c4 e5 3. dxe5 Ng4 4. Nf3 Nc6 5. Nc3 Ngxe5 6. Nxe5 Nxe5 7. e3 Bc5 8. Qd5 d6 9. Qe4 f5 10. Qd5 c6
11. Qd1 O-O 12. f4 Ng4 13. Qf3 Re8 14. g3 Nxe3 15. Be2 Nc2+ 16. Kf1 Nxa1 17. Bd3 Qb6 18. h4 Be3 19. Bxe3 Rxe3 20. Qd1 Qxb2
21. Ne2 Bd7 22. Kg2 Rae8 23. Re1 Qa3 24. Qxa1 Qxd3 25. Qb2 Rxe2+ 26. Rxe2 Rxe2+ 27. Qxe2 Qxe2+
0-1

[Event "FABH"]
[Site "SchemingMind.com"]
[Date "2021.07.05"]
[Round "-"]
[White "Derek Price"]
[Black "LockettJ"]
[Result "1/2-1/2"]
[WhiteCountry "ENG"]
[BlackCountry "ENG"]
[WhiteElo "2255"]
[WhiteRD "69"]
[BlackElo "2044"]
[BlackRD "82"]
[GameID "713015"]

1. c4 e5 2. a3 Nf6 3. Nc3 c6 4. d3 Be7 5. Nf3 Qc7 6. e4 O-O 7. Be2 d6 8. O-O Bg4 9. h3 Bh5 10. g4 Bg6
11. Nh4 Nfd7 12. Nxg6 fxg6 13. Kg2 Nc5 14. f4 Ne6 15. f5 gxf5 16. exf5 Nd4 17. Bf3 Nd7 18. Be3 Rae8 19. b4 Bh4 20. Ra2 Qd8
21. Kh1 Bg5 22. Bf2 Nf6 23. b5 Nxf3 24. Qxf3 d5 25. bxc6 e4 26. Qg3 e3 27. c7 Qd7 28. Be1 dxc4 29. dxc4 Qc6+ 30. Qf3 Qxc7
31. h4 Bxh4 32. Bxh4 Qxc4 33. Bxf6 Rxf6 34. Qd5+ Qxd5+ 35. Nxd5 Rd6 36. Nf4 Rd2 37. Rxd2 exd2 38. Ng2=
1/2-1/2

[Event "FABH"]
[Site "SchemingMind.com"]
[Date "2021.07.03"]
[Round "-"]
[White "LockettJ"]
[Black "Gilligan"]
[Result "1-0"]
[WhiteCountry "ENG"]
[BlackCountry "USA"]
[WhiteElo "1997"]
[WhiteRD "93"]
[BlackElo "1652"]
[BlackRD "56"]
[GameID "713016"]

1. c4 e5 2. g3 Nf6 3. Bg2 d6 4. Nc3 c6 5. Nf3 Nbd7 6. d4 Be7 7. O-O O-O 8. e4 exd4 9. Qxd4 c5 10. Qd3 Ne5
11. Nxe5 dxe5 12. Qe2 b6 13. b3 Qc7 14. Nb5 Qb7 15. Bb2 Nd7 16. Rad1 a6 17. Nd6 Bxd6 18. Rxd6 f6 19. f4 b5 20. Qh5 Qc7
21. Qd1 b4 22. Qd5+ Kh8 23. fxe5 Nb6 24. exf6 Rxf6 25. Rd8+
1-0

[Event "FABH"]
[Site "SchemingMind.com"]
[Date "2021.07.04"]
[Round "-"]
[White "Phillip Beckett"]
[Black "LockettJ"]
[Result "0-1"]
[WhiteCountry "ENG"]
[BlackCountry "ENG"]
[WhiteElo "1493"]
[WhiteRD "52"]
[BlackElo "1974"]
[BlackRD "97"]
[GameID "713017"]

1. e4 e6 2. d4 d5 3. Nd2 Nf6 4. e5 Nfd7 5. f4 c5 6. c3 g6 7. Ndf3 Nc6 8. Ne2 cxd4 9. cxd4 Qb6 10. g3 Bg7
11. Bh3 O-O 12. Kf1 f6 13. Kg2 fxe5 14. fxe5 Ndxe5 15. Nxe5 Nxe5 16. Nf4 Nf7 17. b3 Bxd4 18. Bxe6 Bxa1 19. Nxd5 Qxe6 20. Ba3 Qe4+
21. Kg1 Bd4+ 22. Qxd4 Qxd4+
0-1

[Event "FABH"]
[Site "SchemingMind.com"]
[Date "2021.07.07"]
[Round "-"]
[White "LockettJ"]
[Black "Helga1946"]
[Result "1/2-1/2"]
[WhiteCountry "ENG"]
[BlackCountry "GER"]
[WhiteElo "1997"]
[WhiteRD "79"]
[BlackElo "2283"]
[BlackRD "74"]
[GameID "713018"]

1. c4 c5 2. g3 Nf6 3. Bg2 Nc6 4. Nc3 d6 5. Nf3 b6 6. d4 Bd7 7. b3 g6 8. O-O Bg7 9. d5 Na5 10. Bd2 O-O
11. e4 Ng4 12. Rc1 a6 13. h3 Ne5 14. Nxe5 dxe5 15. f4 Nb7 16. fxe5 Bxe5 17. Bf4 f6 18. Bxe5 fxe5 19. Qd2 Nd6 20. Rxf8+ Qxf8
21. Rf1 Qg7 22. Nd1 Rf8 23. Nf2 h5 24. h4 Rf6 25. Qe3 a5 26. Nd3 Rxf1+ 27. Kxf1 Qf6+ 28. Kg1 Nf7 29. Qf2 g5 30. Bf3 g4
31. Be2 Nd6 32. Qe3 Qg7 33. Nf2=
1/2-1/2

[Event "FABH"]
[Site "SchemingMind.com"]
[Date "2021.07.02"]
[Round "-"]
[White "JAHI"]
[Black "LockettJ"]
[Result "1-0"]
[WhiteCountry "INT"]
[BlackCountry "ENG"]
[WhiteElo "2048"]
[WhiteRD "65"]
[BlackElo "1997"]
[BlackRD "79"]
[GameID "713019"]

1. c3 d5 2. g3 e5 3. Bg2 Nf6 4. d3 Be7 5. h3 O-O 6. h4 h6 7. Nh3 Nc6 8. Kf1 Bf5 9. Kg1 a5 10. Na3 Bc5
11. Nc2 Qe7 12. Qf1 Rad8 13. Bd2 Qd6 14. Re1 Rfe8 15. Rc1 Qd7 16. e3 Bd6 17. d4 b6 18. Ne1 Ne4 19. Nf3 g5 20. hxg5 hxg5
21. Nhxg5 Nxg5 22. Nxg5 Be7 23. e4 dxe4 24. Nxe4 exd4 25. Qb5 d3 26. Bf4 Bg6 27. Qc4 Kg7 28. Rd1
1-0